| 000 | 00808nam a2200205 4500 | ||
|---|---|---|---|
| 001 | vtls000885960 | ||
| 003 | MY-SjTCS | ||
| 005 | 20200226120804.0 | ||
| 008 | 110218 1995 00 eng | ||
| 020 | _a1863738800 | ||
| 039 | 9 |
_a201905141134 _bdianafitri _c201203291023 _dizani _c201102181603 _dVLOAD _y200407271837 _zVLOAD |
|
| 082 | 0 | 4 |
_a327.9405 _bLIV |
| 245 | 0 | 0 |
_aLiving with dragons : _bAustralia confrants its Asia destiny / _cedited by Greg Sheridan |
| 260 |
_aSt. Leonards, N.S.W. : _bAllen & Unwin in association with Mobil Oil Australia, _c1995 |
||
| 300 |
_axxi, 240 p. ; _c23 cm. |
||
| 650 | 0 |
_aAsia _xForeign relations _zAustralia. _94584 |
|
| 651 | 0 |
_aAustralia _xForeign relations _zAsia. |
|
| 700 | 1 |
_aSheridan, Greg, _d1956- _e(ed.) _94583 |
|
| 920 | _aAUDP : 53579, 53621, 53622, 53697, 53698 | ||
| 999 | _c170674 | ||